Statistics for How Many Languages Can You Name?

Click here to take the quiz!

General Stats

  • This quiz has been taken 131 times
  • The average score is 70 of 183

Answer Stats

HintAnswer% Correct
ararabic
96%
enenglish
96%
frfrench
94%
degerman
93%
esspanish
93%
ptportuguese
92%
zhchinese
90%
rurussian
90%
jajapanese
88%
svswedish
87%
hihindi
86%
ititalian
85%
elmodern greek
84%
nldutch
83%
trturkish
83%
kokorean
82%
plpolish
78%
fifinnish
76%
roromanian
76%
vivietnamese
76%
etestonian
75%
ukukrainian
75%
sqalbanian
74%
csczech
74%
huhungarian
74%
ththai
74%
hrcroatian
73%
dadanish
72%
mnmongolian
72%
lvlatvian
71%
bgbulgarian
70%
gairish
70%
ltlithuanian
70%
nonorwegian
70%
nnnorwegian nynorsk
70%
skslovak
69%
afafrikaans
68%
srserbian
68%
hehebrew
67%
lalatin
66%
msmalay
66%
slslovenian
66%
hyarmenian
64%
idindonesian
64%
fapersian
64%
isicelandic
63%
bsbosnian
62%
swswahili
62%
zuzulu
62%
tltagalog
61%
bebelarusian
60%
kkkazakh
60%
kageorgian
58%
ururdu
58%
azazerbaijani
56%
lolao
56%
bnbengali
55%
uzuzbek
55%
cacatalan
54%
cywelsh
53%
xhxhosa
52%
myburmese
51%
pspashto
51%
tkturkmen
51%
nenepali
50%
gdscottish gaelic
50%
tatamil
49%
tgtajik
48%
sosomali
47%
hthaitian
46%
kykirghiz
46%
mkmacedonian
46%
amamharic
45%
eubasque
45%
igigbo
45%
papunjabi
44%
kmcentral khmer
43%
kukurdish
43%
mtmaltese
43%
lbluxembourgish
42%
jvjavanese
40%
yoyoruba
39%
smsamoan
37%
fjfijian
36%
nvnavajo
36%
rmromansh
36%
yiyiddish
36%
ququechua
34%
dzdzongkha
33%
glgalician
33%
mimaori
33%
hahausa
32%
tetelugu
32%
gugujarati
30%
totonga
30%
brbreton
29%
knkannada
29%
stsouthern sotho
29%
sasanskrit
28%
gnguarani
26%
rwkinyarwanda
26%
mgmalagasy
26%
mrmarathi
26%
botibetan
26%
senorthern sami
25%
ococcitan
25%
cocorsican
24%
eoesperanto
24%
tttatar
24%
ayaymara
23%
kwcornish
23%
fofaroese
23%
klkalaallisut
23%
mlmalayalam
23%
sisinhala
23%
titigrinya
22%
dvdivehi
21%
uguighur
21%
omoromo
20%
tntswana
20%
cechechen
19%
nanauru
19%
scsardinian
19%
asassamese
18%
wowolof
18%
aaafar
17%
crcree
17%
gvmanx
17%
ororiya
17%
sdsindhi
17%
tstsonga
17%
susundanese
16%
snshona
15%
vevenda
15%
lnlingala
14%
kskashmiri
12%
mhmarshallese
12%
osossetian
12%
akakan
11%
anaragonese
11%
wawalloon
11%
ababkhazian
10%
bmbambara
10%
cvchuvash
10%
iuinuktitut
10%
kgkongo
10%
sgsango
10%
babashkir
9%
bibislama
9%
twtwi
9%
hohiri motu
8%
eeewe
7%
nychichewa
6%
kikikuyu
6%
kvkomi
6%
ndnorth ndebele
6%
nrsouth ndebele
6%
fywestern frisian
6%
aeavestan
5%
chchamorro
5%
cuchurch slavonic
5%
krkanuri
5%
ssswati
5%
tytahitian
5%
lgganda
4%
iainterlingua
4%
nbnorwegian bokmal
4%
iisichuan yi
4%
vovolapuk
4%
zazhuang
4%
avavaric
3%
fffulah
3%
hzherero
3%
ioido
3%
ieinterlingue
3%
ikinupiaq
3%
kjkuanyama
3%
luluba-katanga
3%
ngndonga
3%
ojojibwa
3%
rnrundi
3%
lilimburgian
2%
pipali
2%

Score Distribution

Percentile by Number Answered

Percent of People with Each Score

Your Score History

You have not taken this quiz